000 00562cab a2200217 4500
001 X3006
008 090401t1996 xxu||||| |||| 00| 0 eng d
035 _a(Sirsi) u27897
041 _aeng
100 _aMiller, S.B
245 _aAerial triangulation - automation ups productivity
260 _c1996
350 _a0
490 _aSurveying World
_v4(2) January/February 1996, 23-25(3)
650 _aAERIAL TRIANGULATION
650 _aDIGITAL PHOTOGRAMMETRY
690 _aLAND SURVEYING
700 _aWalker, A.S.
942 _n0
948 _c04/03/1997
999 _c18804
_d18804